000 00821nam a2200253 i 4500
005 20221113154205.0
008 221113t2021 pauao g 000 0 eng d
020 _a9780764362088
_cRM 139.90
_qpaperback
040 _aPPAK
_beng
_cPPAK
_erda
082 0 4 _a745.54
_223
090 0 0 _a745.54
_bREE
_dR
100 1 _aReed, Laura,
_eauthor.
245 1 0 _aBLOOMING PAPER :
_bhow to handcraft paper flowers and botanicals /
_cLAURA REED
264 1 _aAtglen, Pennsylvania :
_bSchiffer Publishing, Ltd.,
_c2021
264 4 _c©2021
300 _a167 pages :
_bcolour illustrations, colour photographs ;
_c26 cm
336 _2rdacontent
_atext
336 _2rdacontent
_astill images
337 _2rdamedia
_aunmediated
338 _2rdacarrier
_avolume
650 1 0 _aPaper flowers.
650 2 0 _aPaper work.
942 _2ddc
_cB
999 _c189974
_d189974